000 00792nam a22002297a 4500
999 _c65036
_d65036
005 20240530110803.0
008 190115s2018 ua a g b 000 0 ara d
017 _a2018/10618
_bمصر. دار الكتب
040 _aEG-CaGPL
_cEG-CaGPL
082 0 4 _221
_a615.882 \
_bأ ح
100 0 _aاحمد حلمى صالح
245 1 2 _aالحجامة التشخيصية :
_bالتشخيص عبر علامات الحجامة /
_cاحمد حلمى صالح
250 _aط.1
260 _aالقاهرة :
_c 2018 .
300 _a108 ص. ؛
_c24 سم.
504 _aيشتمل على ارجاعات ببليوجرافية
650 0 7 _2qrmak
_aالحجامة
650 0 7 _aالطب الشعبى
_2qrmak
651 _2qrmak
942 _2ddc
_cBK